Die Begriffsbestimmung der Zurechnungsfähigkeit von der Constitutio criminalis Carolina bis zur Gegenwart /

Hlavní autor: Brinkmann, Friedrich
Korporativní autor: Universität Göttingen
Jazyk: Němčina
Vydáno: Quakenbrück i. H. : typ. C. Trute, 1935
Fyzický popis: XIII, 76 [I] stran
Knihy
Uloženo v:
LEADER 00898nam a22002532i 4500
001 001498526
003 CZ BrMZK
005 20160505154136.0
007 ta
008 151125s1935 gw er|||||||||||ger d
040 |a BOA001  |b cze  |e rda 
100 1 |a Brinkmann, Friedrich  |4 dis 
245 1 4 |a Die Begriffsbestimmung der Zurechnungsfähigkeit von der Constitutio criminalis Carolina bis zur Gegenwart /  |c von Friedrich Brinkmann 
264 1 |a Quakenbrück i. H. :  |b typ. C. Trute,  |c 1935 
300 |a XIII, 76 [I] stran 
336 |a text  |b txt  |2 rdacontent 
337 |a bez média  |b n  |2 rdamedia 
338 |a svazek  |b nc  |2 rdacarrier 
502 |a Disertace--Universität Göttingen, 1935 
710 2 |a Universität Göttingen  |7 ko2003182746 
910 |a BOA001  |b 2-0244.801 
990 |a BK 
991 |b 201510 
996 7 |b 2618733927  |c 2-0244.801  |l MZK  |r Sklad / do 24 hodin  |n 0  |w 001533785  |u 000010  |a 1  |e BOA001  |j MZK50  |s A